| 000 | 00600nam a22001817a 4500 | ||
|---|---|---|---|
| 005 | 20251108172039.0 | ||
| 008 | 250721s1989 xx 000 0 ara d | ||
| 082 | 1 | 4 | _a347.94/أحم |
| 100 | 1 | _aهندي، أحمد | |
| 245 | 1 | 0 |
_aأصول المحاكمات المدنية و التجارية : _bدراسة في التنظيم القضائي / |
| 264 | 1 |
_aبيروت : _bالدار الجامعيه، _c1989. |
|
| 300 | _a498ص | ||
| 490 | 0 | _aالمكتبة القانونية | |
| 650 | 1 | 7 | _aالمحاكمات |
| 650 | 1 | 7 | _aالقانون المدني |
| 942 |
_2ddc _cBK |
||
| 999 |
_c69079 _d69079 |
||